| 000 | 00333 a2200133 4500 | ||
|---|---|---|---|
| 001 | 87582 | ||
| 082 | _aN-3582 | ||
| 090 |
_c41048 _d41048 |
||
| 100 | _aFaisal, Lec | ||
| 245 |
_aCalculus and analytic geometry [cd] _pCAE7 CDS set _bMTH101 |
||
| 260 |
_aLahore _b2005 _cVirtual University |
||
| 500 | _aCD/DVD | ||
| 520 | _avideo library | ||
| 942 |
_aCAE NUST _kN-3582 |
||
| 999 |
_c322655 _d322655 |
||